Responses for show #7694 - Thursday, February 8, 2018

Contestants

Alex Hotovy, a student from Omaha, Nebraska

Marty Cunningham, an accountant and voice artist from Arvada, Colorado

John Giambrone, an investment banking analyst from New York, New York (whose 1-day cash winnings total $19,601)

Jeopardy! Round responses

THE GRAMMY PHONE
WHAT A CROWD!
THE RULES OF THE GAME
BEASTLY STATE FLAGS
ANAGRAMMED WIVES OF HENRY VIII
PRIME "TIME"
    $200 5
"Hello"

John
    $200 22
Chicago

Marty
    $200 17
White

John
    $200 11
Wisconsin

Alex
    $200 16
Anne Boleyn

Alex
    $200 1
halftime (at the Super Bowl)

John
    $400 6
"Call Me Maybe"

Alex
    $400 23
(Alex Trebek: With less than a minute.)

the Ganges

Alex
    $400 18
(Alex Hotovy: What is pool?)
(Alex Trebek: No.)
(Alex Hotovy: 8-ball pool?)
(Alex Trebek: No. Marty?)
(Marty: What is billiards?)
(Alex Trebek: On the first shot, which is [*].)

the break

MartyAlex
Triple Stumper
    $400 12
(Alex Hotovy: What are cows?)

bison (buffalo)

MartyAlex
    $400 27
Jane Seymour

Marty
    $400 2
(John: What is America's pastime?)
...
(Alex Trebek: What is the [*]? Simple mistake.)

national pastime

John
Triple Stumper
    $600 7
"I Just Called to Say I Love You"

Marty
    $600 24
(Alex Hotovy: What is the Sunni branch?)

the Shia branch

JohnAlex
    $600 19
Risk

Alex
    $1,800 13
(Marty: It's early enough in the game, and I'll never get to say this again: let's make it a true Daily Double.)
...
(Alex Trebek: Symbol of America.)

(bald) eagle

Marty
    $600 28
(Alex Trebek: It was his first wife, [*].)

Catherine of Aragon

Triple Stumper
    $600 3
The March of Time

Triple Stumper
    $800 8
Blondie

Marty
    $800 25
(John: What is Korea?)

the Philippines

JohnMarty
    $800 20
checkers

Alex
    $800 14
Louisiana

Marty
    $800 29
Anne of Cleves

Marty
    $800 4
time signature

Triple Stumper
    $1000 9
Drake

Alex
    $1000 26
(Marty: Who was Sadat?)

(Gamal Abdel) Nasser

JohnMarty
    $1000 21
Parcheesi

Marty
    $1000 15
Utah

Marty
    $1000 10
(Alex Trebek: And that was [*] by Stephen Hawking.)

A Brief History of Time

Triple Stumper

Scores at the first commercial break (after clue 15):

John Marty Alex
$0 $5,400 $1,200

Scores at the end of the Jeopardy! Round:

John Marty Alex
$1,000 $7,200 $2,200

Double Jeopardy! Round responses

(Alex Trebek: It's not the Grammy Phone, it's...)
THE GRAMMA PHONE
LITERARY AWARDS
FIRST NAME VERBS
ERA OR AGE. PERIOD.
MOVIE vs. MOVIE
(Alex: I don't know how to pronounce this. Is it...)
A WIEN-WIEN SITUATION
    $400 24
recipes

John
    $400 11
Sweden

Marty
    $400 6
Mark

Marty
    $400 14
the Age of Aquarius

Alex
    $400 1
Freddy vs. Jason

Alex
    $400 19
coffee

John
    $800 12
(Alex Hotovy: What is the Newberry Medal?)

the Caldecott

MartyAlex
    $800 7
(John: Jack?)
...
(Alex Trebek: [*]. [*] up and down.)

Bob

JohnMarty
    $800 15
Emperor Hirohito

Marty
    $800 2
Scott Pilgrim vs. The World

Alex
    $600 20
(John: What's the chorus?)
...
(Alex Trebek: [*]. You had to remember the category.)

the Vienna Boys' Choir

John
    $1200 25
(Alex Trebek: With less than a minute.)

magnifying glass

John
    $1200 13
Kevin

Alex
    $1200 8
Wade

Marty
    $1200 16
the Enlightenment

Alex
    $1200 3
Kramer vs. Kramer

Alex
    $1200 21
(John: Who is Pliny?)

Pieter Bruegel the Elder

John
Triple Stumper
    $1600 27
Jitterbug

Triple Stumper
    $1600 22
Pushkin

Marty
    $1600 9
(to) Homer

Triple Stumper
    $2,000 17
the Restoration

Alex
    $1600 4
The People vs. Larry Flynt

Marty
    $1600 29
(John: What are the hills?)

the Vienna Woods

JohnMarty
    $2000 26
Lumosity

John
    $2000 23
the Bollingen

Triple Stumper
    $2000 10
(Alex Trebek: The verb this time is [*].)

Chuck

Triple Stumper
    $2000 18
the Jazz Age

Marty
    $2000 5
Joe Versus the Volcano

Marty
    $2000 28
St. Stephen

Alex

Scores at the end of the Double Jeopardy! Round:

John Marty Alex
$800 $20,400 $10,600

[wagering suggestions for these scores]

Final Jeopardy! Round responses

UNIVERSITIES
(Alex Trebek: In a moment I believe John is going to be very, very sad.)
JohnWhat is Emory?
$799
AlexWhat is Georgia?
$10,000
MartyWhat is University of Georgia?
$1,500
Emory University

Final scores:

John Marty Alex
$1,599 $18,900 $600
2nd place: $2,000 New champion: $18,900 3rd place: $1,000

Game dynamics:

Coryat scores:

John Marty Alex
$1,400 $19,200 $10,200
9 R,
6 W
(including 1 DD)
22 R
(including 1 DD),
2 W
15 R
(including 1 DD),
4 W

Combined Coryat: $30,800

The J! Archive is created by fans, for fans. The Jeopardy! game show and all elements thereof, including but not limited to copyright and trademark thereto, are the property of Jeopardy Productions, Inc. and are protected under law. This website is not affiliated with, sponsored by, or operated by Jeopardy Productions, Inc. Join the discussion at JBoard.tv.